Piłkarska kariera Gianfranco Zoli. - Statystyki

Ogólne statystyki
  • Ten quiz został rozwiązany 22 razy
  • Średni wynik to 3 z 8
Statystyki odpowiedzi
Lata Drużyna % Poprawnych
1997-2003 Chelsea
95%
1989-1993 Napoli
58%
1993-1997 Parma
47%
2003-2005 Cagliari
32%
1984-1987 Nuorese
21%
1987-1989 Torres
21%
2005-2006 APIA Leichhardt Tigers
0%
2006-2007 Marconi Stallions
0%
Nie znaleziono quizów pasujących do podanych kryteriów
Rozkład punktacji
Procent ludzi z każdym wynikiem
Percentyl według liczby udzielonych odpowiedzi
Twoja historia wyników
Nie rozwiązałeś tego quizu